Представление документа в формате RUSMARC

ПолеНазваниеЗначение
  Тип записи a
  Библиографический уровень c
001 Контрольный номер RU/SLIB/B/208788642
005 Дата корректировки 20221117100342.8
010 Индекс ISBN __
d Цена 0-97
101 Язык документа 0_
a Язык текста rus
c Язык оригинала rus
200 Заглавие и сведения об ответственности 1_
e Сведения, относящиеся к заглавию в 3 т.
f Первые сведения об ответственности Воскресенская З. И.
b Общее обозначение материала Текст
i Наименование части Встреча
i Наименование части Утро
i Наименование части Сквозь ледяную мглу
h Номер части Т. 1
a Заглавие Собрание сочинений.
210 Выходные данные 1_
a Место издания М.
c Издательство Дет. лит.
d Дата издания 1974
215 Физическое описание __
a Объем 477 с.
606 Тематические рубрики __
a Основная рубрика Художественная литература
z Хронологическая подрубрика 20 в.
y Географическая подрубрика Россия
606 Тематические рубрики __
a Основная рубрика Русская литература XX в. (произведения)
610 Ключевые слова 0_
a Ключевые слова детская литература; повести
686 Индексы других классификаций __
a Классификационный индекс 84(2Рос=Рус)6-4
700 Автор _1
a Фамилия Воскресенская
b Имя З. И.
4 Код отношения 070
801 Источник записи _0
a Страна RU
b Организация Муниципальное бюджетное учреждение культуры "Централизованная библиотечная система" г. Сургут (Центральная городская библиотека им. А. С. Пушкина)
g Правила каталогизации ЦДБ/Симакова
801 Источник записи _1
a Страна RU
b Организация Муниципальное бюджетное учреждение культуры "Централизованная библиотечная система" г. Сургут (Центральная городская библиотека им. А. С. Пушкина)
g Правила каталогизации ЦДБ/Симакова
852 Данные о местонахождении __
j Шифр хранения 84(2Рос=Рус)6-4
c Каталожный индекс 84(2Рос=Рус)6-4
i Авторский знак В 76
p Инвентарный номер 16739(д)
901 Тип документа __
t Тип документа x
903 Характеристики (МАРС) __
a Дата передачи 20060419
969 Тип издания __
a Тип издания сборник
990 Данные о заказе (DOS) __
j Количество экземпляров (DOS) 1
t N записи в КСУ для И/У (DOS) ретр